The treatment of fractures /

Bibliographic Details
Main Author: Böhler, Lorenz, 1885-1973
Other Authors: Bohler, Jorg
Format: Book
Language:English
Published: New York : Grune & Stratton, 1966.
Subjects:

MARC

Tag First Indicator Second Indicator Subfields
LEADER 00000cam a2200000 4500
001 in00000348321
005 20151011072632.0
008 750826s1966 nyua b 00110 eng
010 |a  55005445  
035 |a (OCoLC)01574871 
035 |9 ABP1962AM 
040 |a DLC  |c FUB  |d TXA  |d UtOrBLW 
049 |a TXAM  |c [465037] 
050 0 0 |a RD101  |b .B722 Suppl. 
082 0 |a 617.15 
100 1 |a Böhler, Lorenz,  |d 1885-1973. 
245 1 4 |a The treatment of fractures /  |c Supplementary volume to the 5th English ed.,  |c by Lorenz Bohler and Jorg Bohler. Translated from the first German ed. by Alfred Wallner. 
264 1 |a New York :  |b Grune & Stratton,  |c 1966. 
300 |a xv, 2296-2700 pages :  |b illustrations ;  |c 25cm. 
336 |a text  |b txt  |2 rdacontent 
337 |a unmediated  |b n  |2 rdamedia 
338 |a volume  |b nc  |2 rdacarrier 
504 |a Bibliographical footnotes. 
650 0 |a Fractures. 
700 1 |a Bohler, Jorg. 
999 |a MARS 
999 f f |s 0550bfd2-4962-3206-b007-92ccbbc14235  |i a0ff868a-bfec-34c9-a1f2-831c73fce40d  |t 0 
952 f f |p ric  |a Texas A&M University  |b Rellis Campus  |c Joint Library Facility  |d Remote Storage  |t 0  |e RD101 .B722 Suppl.  |h Library of Congress classification  |i unmediated -- volume  |k Suppl.  |m A14805134746 
998 f f |a RD101 .B722 Suppl.  |t 0  |l Remote Storage